| 000 | 00894cam a22003013a 4500 | ||
|---|---|---|---|
| 001 | 16386999 | ||
| 003 | OSt | ||
| 005 | 20140310182224.0 | ||
| 008 | 971210s1996 xxu 000 1 eng | ||
| 010 | _a 97811553 | ||
| 020 | _a0425151875 | ||
| 035 | _a(DLC) 97811553 | ||
| 040 |
_aDLC _cDLC _dDLC |
||
| 050 | 0 | 0 |
_aPZ 7 _b.C587 1996 |
| 082 |
_aFIC _bC52op 1996 |
||
| 100 | 1 |
_aClancy, Tom. _917625 |
|
| 245 | 1 | 0 |
_aGames of state / _ccreated by Tom Clancy and Steve Pieczenik. |
| 260 |
_aNew York : _bBerkley Books, _cc1996. |
||
| 300 |
_a500 p. : _c18 cm. |
||
| 490 | 0 | _aTom Clancy's Op-Center | |
| 655 | 7 |
_aSuspense fiction. _2gsafd _96032 |
|
| 700 | 1 |
_aPieczenik, Steve. _917626 |
|
| 710 | 2 |
_aCopyright Paperback Collection (Library of Congress) _5DLC _9705 |
|
| 906 |
_a7 _bcbc _corignew _d2 _encip _f19 _gy-genrareb |
||
| 942 |
_2lcc _cBK-FIC _kFIC |
||
| 999 |
_c10767 _d10767 |
||